| Tag |
First Indicator |
Second Indicator |
Subfields |
| LEADER |
00000cam a2200000 i 4500 |
| 001 |
in00000033741 |
| 005 |
20151007063304.0 |
| 008 |
770210s1896 mau 00010 eng d |
| 035 |
|
|
|a (OCoLC)02731284
|
| 035 |
|
|
|9 AAD7024AM
|
| 040 |
|
|
|a KUK
|c KUK
|d TXA
|d UtOrBLW
|
| 049 |
|
|
|a TXAM
|c [367443]
|
| 050 |
|
0 |
|a PS1541
|b .P63
|
| 092 |
|
|
|a 811
|b D553po
|
| 100 |
1 |
|
|a Dickinson, Emily,
|d 1830-1886.
|
| 245 |
1 |
0 |
|a Poems /
|c by Emily Dickinson ; edited by Mabel Loomis Todd. 3d series.
|
| 264 |
|
1 |
|a Boston :
|b Roberts Brothers,
|c 1896.
|
| 300 |
|
|
|a 200 pages ;
|c 18 cm.
|
| 336 |
|
|
|a text
|b txt
|2 rdacontent
|
| 337 |
|
|
|a unmediated
|b n
|2 rdamedia
|
| 338 |
|
|
|a volume
|b nc
|2 rdacarrier
|
| 700 |
1 |
|
|a Todd, Mabel Loomis,
|d 1856-1932.
|
| 999 |
|
|
|a MARS
|
| 999 |
f |
f |
|s 8ad27bd0-7a81-342b-af13-f7fb194aae16
|i 9d21b51a-4e11-3870-9e2d-b1d180f88705
|t 0
|
| 952 |
f |
f |
|p ric
|a Texas A&M University
|b Rellis Campus
|c Joint Library Facility
|d Remote Storage
|t 0
|e PS1541 .P63
|h Library of Congress classification
|i unmediated -- volume
|m A14801214918
|
| 998 |
f |
f |
|a PS1541 .P63
|t 0
|l Remote Storage
|